Szybki test o Brawl Stars - Statystyki

Ogólne statystyki
  • Ten quiz został rozwiązany 46 razy
  • Średni wynik to 4 z 7
Statystyki odpowiedzi
Pytanie Odpowiedź % Poprawnych
1. Od którego roku jest BS 2018
94%
7. Zeus..... Brock
64%
6. Mroczny anioł.... Colt
61%
5. Kreskówkowy...... Spike
58%
2. Kto ma najwięcej puch Juan Carlos
36%
4. Bagietkowy...... Mico
36%
3. Najrzadszy skin Challenger Colt
8%
Nie znaleziono quizów pasujących do podanych kryteriów
Rozkład punktacji
Procent ludzi z każdym wynikiem
Percentyl według liczby udzielonych odpowiedzi
Twoja historia wyników
Nie rozwiązałeś tego quizu